Statistics for All Washington D.C. Neighborhoods

Click here to take the quiz!

General Stats

  • This quiz has been taken 282 times
  • The average score is 30 of 103

Answer Stats

#NeighborhoodPop.% Correct
26Georgetown10,865
88%
27Dupont Circle10,223
83%
29Foggy Bottom9,455
76%
12Capitol Hill19,432
74%
17Adams Morgan15,830
73%
7Tenleytown34,783
72%
25Downtown10,893
68%
74Navy Yard2,794
68%
9Woodley Park29,457
65%
8Columbia Heights31,696
64%
72Chinatown3,000
62%
38Cleveland Park6,782
62%
14NoMa17,500
62%
13Shaw17,639
60%
76Friendship Heights2,608
59%
24Southwest/Waterfront11,023
59%
35Logan Circle7,976
57%
53Takoma4,193
56%
30Brookland9,451
55%
16Chevy Chase16,395
55%
15Petworth16,819
52%
61Fort Totten3,568
49%
77Kalorama2,571
46%
103Van Ness53
46%
33Mount Pleasant9,147
45%
31Cathedral Heights9,370
43%
62Palisades3,533
43%
91Penn Quarter1,621
42%
23Congress Heights11,422
39%
11Glover Park27,562
36%
4H Street Corridor64,895
36%
59West End3,790
35%
6316th Street Heights3,463
32%
69Brentwood3,179
32%
87Ivy City2,021
32%
48American University Park5,090
31%
40Trinidad6,560
31%
19Brightwood13,183
30%
3Eckington64,895
30%
28U Street Corridor10,104
30%
5Deanwood62,625
29%
82LeDroit Park2,398
29%
65Benning3,439
28%
47Cardozo5,385
28%
43Bloomingdale6,135
27%
67Michigan Park3,302
27%
10Forest Hills29,457
24%
71Truxton Circle3,142
24%
1Brightwood Park68,695
23%
57Fort Dupont3,978
22%
32Hill East9,315
22%
93Kenilworth1,272
22%
73Mount Vernon Triangle2,840
22%
102Arboretum378
21%
79Foxhall Village2,549
21%
60Woodridge3,619
21%
39Edgewood6,755
20%
2Carver/Langston64,895
19%
37Lincoln Park7,129
19%
55North Michigan Park4,081
18%
20Capitol Riverfront13,000
17%
78Kalorama Heights2,571
17%
64Langdon3,442
17%
52Queens Chapel4,286
17%
41Benning Ridge6,549
16%
46Spring Valley5,566
16%
75Fort Lincoln2,681
15%
68Mayfair3,279
15%
6Hillcrest56,131
14%
54Historic Anacostia4,189
14%
84Lincoln Heights2,158
14%
45Pleasant Plains5,591
14%
66Manor Park3,399
13%
88NE Boundary1,951
13%
56University Heights3,980
13%
81Shepherd Park2,522
12%
95Wesley Heights1,086
12%
44Bellevue5,827
11%
21Berkley12,333
11%
83Grant Park2,179
11%
92McLean Gardens1,444
11%
22Wakefield11,782
11%
85Burleith/Hillandale2,134
10%
49Park View4,913
10%
89Barnaby Woods1,784
9%
18Stanton Park13,262
9%
90Crestwood1,754
8%
97Penn Branch770
8%
96Colonial Village834
7%
42Kingman Park6,524
7%
94Burrville1,166
6%
58Capitol View3,855
5%
98Hawthorne768
5%
34Washington Highlands8,829
5%
50Douglass4,460
4%
70Lamond Riggs3,166
4%
99Eastland Gardens471
3%
36Marshall Heights7,325
3%
101North Portal Estates418
3%
100Stronghold425
3%
86Randle Highlands2,047
2%
80Greenway2,533
1%
51Rosedale4,459
1%

Score Distribution

Percentile by Number Answered

Percent of People with Each Score

Your Score History

You have not taken this quiz